| 000 | 01470pam a2200373 a 4500 | ||
|---|---|---|---|
| 001 | 635 | ||
| 003 | FISKH | ||
| 005 | 20230627111512.0 | ||
| 008 | 850910r1985 nyua j 000 1 eng | ||
| 010 | _a 85045508 | ||
| 020 |
_a0397321686 : _c$9.95 |
||
| 020 |
_a0397321694 (lib. bdg.) : _c$11.89 |
||
| 022 | _a9780007263509 | ||
| 040 |
_aDLC _cDLC _dDLC _dFISKH _beng |
||
| 042 | _alcac | ||
| 050 | 0 | 0 |
_aPZ7.N1384 _bJo 1985 |
| 082 | 0 | 0 |
_a[Fic] _219 |
| 100 | 1 | _aNaidoo, Beverley. | |
| 245 | 1 | 0 |
_aJourney to Jo'burg : _ba South African story / _cby Beverley Naidoo ; illustrations by Eric Velasquez. |
| 250 | _aThis edition published by Harper Collins Children's books 2016 | ||
| 260 |
_aNew York : _bLongman Group, _c1985. |
||
| 300 |
_a98 pages : _billustrations ; _c22 cm. |
||
| 505 | _aM | ||
| 520 | _aSeparated from their mother by the harsh social and economic conditions prevalent among blacks in South Africa, thirteen-year-old Naledi and her younger brother make a journey of over 300 kilometers to find her in Johannesburg. | ||
| 521 | 8 |
_a760
_bLexile |
|
| 521 | 8 |
_aM
_bRaz-Plus |
|
| 650 | 1 |
_aBlack people _zSouth Africa _xFiction. |
|
| 651 | 1 |
_aSouth Africa _xRace relations _xFiction. |
|
| 700 | 1 |
_aVelasquez, Eric, _eillustrator |
|
| 856 | 4 | 2 |
_3Publisher description _uhttp://www.loc.gov/catdir/description/hc044/85045508.html |
| 906 |
_a7 _bcbc _corignew _d1 _eocip _f19 _gy-gencatlg |
||
| 942 |
_2ddc _cBK _n0 |
||
| 999 |
_c635 _d635 |
||